| 000 | 00609nam a2200205 a 4500 | ||
|---|---|---|---|
| 005 | 20210223124021.0 | ||
| 008 | 991125n 000 0 u | ||
| 035 | _aUPN01000096663 | ||
| 100 | 1 |
_aMagendzo, Abraham _929097 |
|
| 222 | _aREVISTA DE LA EDUCACION SUPERIOR | ||
| 245 | _aReflexión en torno a la reforma educativa en los institutos tecnológicos regionales de México | ||
| 300 | _a31-38 | ||
| 362 | 0 | _a1975 Vol. 4, no. 4 oct.-dic. | |
| 653 | 0 | _aEDUCACION SUPERIOR | |
| 653 | 0 | _aITR | |
| 653 | 0 | _aREFORMA EDUCATIVA | |
| 653 | 0 | _aUNIVERSIDADES | |
| 904 |
_aAC _b034474 |
||
| 905 | _aArticulo | ||
| 999 |
_c75830 _d75830 |
||